000 00908nam a22002897a 4500
001 BR8105525
003 BR-BrBNA
005 20230928091038.0
007 ta
008 230509b bl.||||| |||| 00| 0 por d
040 _aBR-BrBNA
_bpor
_cBiblioteca Nacional de Agricultura
041 _a(Por)
072 _aK50; K20
_b8911
_b8919
_b/G514
090 _ 8911 BR8105525
110 1 _aAssociacao Nacional dos Fabricantes de Papel e Celulose, Sao Paulo, SP (Brasil)
_9674
245 1 _aCapacidade instalada, projecao da capacidade instalada. Recursos florestais, balanco consolidado [industria florestal, Brasil]
260 3 _aSao Paulo, SP (Brasil):
_c1981.
300 _a39 p.
650 _aCELULOSE
650 _aPAPEL
650 _aINVESTIMENTO
650 _aRECURSO FLORESTAL
650 _aINCENTIVO FISCAL
650 _aREFLORESTAMENTO
909 _a202309
_bLucia
_c55
_dLucia Elande
942 _cBK
999 _c31931
_d31931